Ovinotecnia : tomo 1 /

Guardado en:
Autor Principal: Helman, Mauricio B.
Formato: Libro
Publicado: Buenos Aires : El Ateneo, 1965
Edición:2a. ed.
Materias:
Etiquetas: Agregar Etiqueta
Sin Etiquetas, Sea el primero en etiquetar este registro!
LEADER 01329nam a22002535a 4500
001 CEM.cems015921
008 130507s1965##################000#0#####d
005 20210826182535.0
003 CEMS
245 1 0 |a Ovinotecnia :  |b tomo 1 /  |c Mauricio B Helman 
250 |a 2a. ed. 
260 |a Buenos Aires :  |b El Ateneo,  |c 1965 
300 |a 805 p. 
505 0 |a Razas, producción, comercio e industria -- Los ovinos y sus características zootecnias -- Origen, domesticación y ubicación en la escala zoológica -- Evolución, mejora y caracteres -- Exterior del ovino (conformación) -- Exterior del ovino (vellón) -- Razas y variedades -- Clasificación de razas ovinas -- Razas productoras de lana fina -- Razas de doble propósito -- Razas productoras de carne -- Razas productoras de leche -- Ovinos de tipo rústico -- Producciones de ovinos -- Carne -- Lana -- Cueros -- Pieles -- Leche y derivados 
100 1 |a Helman, Mauricio B. 
082 0 4 |a 636.3 
653 |a Ovinos 
653 |a Ovinos-razas 
653 |a Ovinos-producción 
653 |a Ovinos-comercio 
653 |a Ovinos-industria 
859 |a CEMS  |b BIB. CEMS - Agricultura  |h 636.3  |i H369a2  |p A4993.76  |t Ej.1  |v 1  |3 1 
859 |a CEMS  |b BIB. CEMS - Agricultura  |h 636.3  |i H369a2  |p A1680.12  |t Ej.2  |v 1  |3 1 
859 |a CEMS  |b BIB. CEMS - Agricultura  |h 636.3  |i H369a2  |p A1847.13  |t Ej.3  |v 1  |3 1